The environmental movement /
Se discuten los orígenes y desarrollo de los movimientos sociales desde una perspectiva histórica, enfatizando lo sucedido durante las protestas estudiantiles en el año 1968 en Europa.
Gardado en:
| Autor Principal: | |
|---|---|
| Formato: | Texto |
| Materias: | |
| Etiquetas: |
Engadir etiqueta
Sen Etiquetas, Sexa o primeiro en etiquetar este rexistro!
|
MARC
| LEADER | 00000 a a2200000 04500 | ||
|---|---|---|---|
| 001 | 40017 | ||
| 003 | |||
| 040 | |||
| 100 | |a Rootes, Christopher | ||
| 245 | |a The environmental movement / |c Christopher Rootes | ||
| 520 | |a Se discuten los orígenes y desarrollo de los movimientos sociales desde una perspectiva histórica, enfatizando lo sucedido durante las protestas estudiantiles en el año 1968 en Europa. | ||
| 590 | |a RRA/AGOSTO2010 | ||
| 650 | |a MOVIMIENTOS ESTUDIANTILES | ||
| 650 | |a MOVIMIENTOS SOCIALES | ||
| 650 | |a ANALISIS HISTORICO | ||
| 773 | |g páginas 295-305 | ||
| 999 | |c 23207 |d 23207 | ||
